000 00611nam a2200229 a 4500
999 _c4244
_d4244
001 4244
003 BD-JhCC
005 20171125171451.0
008 171125s1980 ii a|||| |||| 001 0 eng d
035 _a(BD-JhCC)4244
040 _aBD-JhCC
_dBD-JhCC
041 _aeng
082 _a954
_bMAH 1980
100 _aMahajan, V. D.
245 _aA History of India :
_bPart III (Modern India) /
_cV. D. Mahajan.
260 _aNew Delhi :
_bS. Chand & Company Ltd.,
_c1980.
300 _aix, 399 p. :
_bill.,
_c24 cm.
500 _aIncludes Index.
651 _aIndia
_xHistory
942 _2ddc
_cBK